| 000 | 00482nam a22001937a 4500 | ||
|---|---|---|---|
| 003 | CEME | ||
| 005 | 20220401155129.0 | ||
| 008 | 210121b xxu||||| |||| 00| 0 eng d | ||
| 038 | _anust | ||
| 040 | _cceme | ||
| 082 | _a297.63 SID | ||
| 100 |
_aSiddiqui, Muhammad Abdul Majeed _965220 |
||
| 245 | _aAin ul yaqin | ||
| 260 |
_aRAWALPINDI _bPDF _c2003 |
||
| 300 | _aPDF | ||
| 563 | _aHB | ||
| 650 |
_aISLAM-BIOGRAPHY-PROPHET MUHAMMAD PEACE BE UPON HIM _9876 |
||
| 942 |
_cBK _2ddc |
||
| 999 |
_c573499 _d573499 |
||